00860nam a2200217 a 4500001001000000003000500010005001700015008004100032010001100073011001100084040000900095100003300104245017100137260004100308500006000349502008200409650002500491650002700516650002900543856007000572000112229CHAP20220329144251.0160118s2015 mx a fsm |||||||spa d a108690 a109662 cCHAP1 aOrtiz Balcázar, Jorge Luis10aExtracción minera de materiales pétreos y su influencia en la degradación del suelo Tequexquináhuac, México/h[En línea]cpor Jorge Luis Ortiz Balcásar. aChapingo, Méx. :bEl autor,c2015. aPara ver el contenido del material haga clic en la liga aTesis (Ing. en Recursos Naturales Renovables) -- UACH. Departamento de Suelos14aRocas sedimentarias.14aSuelosxDegradación.14aSueloszMéxico (Edo.). aFinding aiduhttp://10.13.5.2/tesis/sist112229.pdfzTeclea aquí